[Event "Fajr-urmia"]
[Site "urmia"]
[Date "2015.02.22"]
[Round "7.1"]
[White "Mirzoev, Azer"]
[Black "Chighladze, Iveri"]
[Result "1/2-1/2"]
[LiveChessVersion "1.4.4"]
[BlackElo "2338"]
[WhiteElo "2556"]

1. d4 {[%clk 1:30:23]} d5 {[%clk 1:30:52]} 2. c4 {[%clk 1:30:42]} e6
{[%clk 1:31:17]} 3. Nc3 {[%clk 1:31:07]} Nf6 {[%clk 1:31:31]} 4. cxd5
{[%clk 1:29:22]} exd5 {[%clk 1:31:54]} 5. Bg5 {[%clk 1:29:48]} Be7
{[%clk 1:31:45]} 6. e3 {[%clk 1:30:12]} c6 {[%clk 1:32:00]} 7. Bd3
{[%clk 1:30:36]} Nbd7 {[%clk 1:32:24]} 8. Nge2 {[%clk 1:31:01]} O-O
{[%clk 1:32:36]} 9. Qc2 {[%clk 1:31:25]} Re8 {[%clk 1:32:50]} 10. O-O
{[%clk 1:31:40]} Nf8 {[%clk 1:29:22]} 11. f3 {[%clk 1:31:50]} Nh5
{[%clk 1:25:40]} 12. Bxe7 {[%clk 1:32:12]} Rxe7 {[%clk 1:26:02]} 13. Qd2
{[%clk 1:31:40]} Be6 {[%clk 1:13:10]} 14. Rae1 {[%clk 1:30:47]} Rd7
{[%clk 1:12:39]} 15. g4 {[%clk 1:23:48]} Qg5 {[%clk 1:06:51]} 16. h4
{[%clk 1:06:11]} Qxh4 {[%clk 1:06:06]} 17. gxh5 {[%clk 1:04:01]} Qg5+
{[%clk 1:05:54]} 18. Kf2 {[%clk 1:04:21]} Qh4+ {[%clk 1:06:21]} 19. Kg1
{[%clk 1:04:46]} Qg5+ {[%clk 1:06:42]} 1/2-1/2

[Event "Fajr-urmia"]
[Site "urmia"]
[Date "2015.02.22"]
[Round "7.2"]
[White "Idani, Pouya"]
[Black "Darban, Morteza"]
[Result "1-0"]
[LiveChessVersion "1.4.4"]
[BlackElo "2334"]
[WhiteElo "2496"]

1. e4 {[%clk 1:30:58]} Nf6 {[%clk 1:30:30]} 2. e5 {[%clk 1:31:25]} Nd5
{[%clk 1:30:56]} 3. d4 {[%clk 1:31:52]} d6 {[%clk 1:31:22]} 4. Nf3
{[%clk 1:32:19]} dxe5 {[%clk 1:31:42]} 5. Nxe5 {[%clk 1:32:45]} c6
{[%clk 1:32:07]} 6. Be2 {[%clk 1:33:12]} g6 {[%clk 1:31:39]} 7. O-O
{[%clk 1:33:07]} Bg7 {[%clk 1:32:06]} 8. c4 {[%clk 1:31:38]} Nc7 {[%clk 1:30:42]}
9. f4 {[%clk 1:28:13]} O-O {[%clk 1:30:38]} 10. Nc3 {[%clk 1:28:36]} Nd7
{[%clk 1:30:53]} 11. Be3 {[%clk 1:27:20]} Nxe5 {[%clk 1:20:46]} 12. fxe5
{[%clk 1:27:36]} c5 {[%clk 1:19:09]} 13. d5 {[%clk 1:26:06]} Bxe5
{[%clk 1:18:32]} 14. Bxc5 {[%clk 1:24:22]} Bf5 {[%clk 0:46:28]} 15. Bd4
{[%clk 1:12:12]} Qd6 {[%clk 0:46:48]} 16. g4 {[%clk 1:00:32]} Bxh2+
{[%clk 0:08:58]} 17. Kh1 {[%clk 1:00:43]} Qg3 {[%clk 0:09:27]} 18. gxf5
{[%clk 1:01:08]} Qh4 {[%clk 0:09:23]} 19. Bf2 {[%clk 1:00:44]} Bg3+
{[%clk 0:08:26]} 20. Kg2 {[%clk 1:01:10]} Qh2+ {[%clk 0:07:56]} 21. Kf3
{[%clk 1:01:36]} Be5 {[%clk 0:03:17]} 22. Rh1 {[%clk 1:00:54]} Qf4+
{[%clk 0:03:46]} 23. Kg2 {[%clk 1:01:18]} Qxf5 {[%clk 0:04:03]} 24. Qd3
{[%clk 0:59:19]} Qg5+ {[%clk 0:04:25]} 25. Kf1 {[%clk 0:59:37]} f5
{[%clk 0:04:54]} 26. Qh3 {[%clk 0:59:23]} Rf7 {[%clk 0:05:09]} 27. Rd1
{[%clk 0:59:37]} Qf6 {[%clk 0:05:01]} 28. c5 {[%clk 0:59:47]} Rg7
{[%clk 0:04:44]} 29. Qh4 {[%clk 0:55:39]} g5 {[%clk 0:04:13]} 30. Qh6
{[%clk 0:55:58]} Ne8 {[%clk 0:02:32]} 31. d6 {[%clk 0:54:51]} Rd8
{[%clk 0:01:32]} 32. Bc4+ {[%clk 0:49:20]} Kh8 {[%clk 0:01:05]} 33. Qxf6
{[%clk 0:48:08]} Nxf6 {[%clk 0:01:33]} 34. Re1 {[%clk 0:48:27]} exd6
{[%clk 0:00:55]} 35. cxd6 {[%clk 0:48:53]} Ng4 {[%clk 0:01:02]} 36. Bxa7
{[%clk 0:46:39]} f4 {[%clk 0:00:35]} 37. Be6 {[%clk 0:44:48]} Ne3+
{[%clk 0:00:57]} 38. Bxe3 {[%clk 0:45:13]} fxe3 {[%clk 0:01:08]} 39. d7
{[%clk 0:45:36]} Bd4 {[%clk 0:00:34]} 40. Ke2 {[%clk 0:45:31]} g4
{[%clk 0:00:46]} 41. Nd5 {[%clk 0:44:04]} g3 {[%clk 0:00:42]} 42. Rc1
{[%clk 0:44:24]} Rgxd7 {[%clk 0:00:37]} 43. Bxd7 {[%clk 0:44:46]} Rxd7
{[%clk 0:01:06]} 44. Rc8+ {[%clk 0:43:05]} Kg7 {[%clk 0:01:35]} 45. Rc7
{[%clk 0:43:29]} Rxc7 {[%clk 0:01:40]} 46. Nxc7 {[%clk 0:43:54]} Bxb2
{[%clk 0:02:06]} 47. Kxe3 {[%clk 0:43:44]} Ba3 {[%clk 0:01:38]} 48. Kf3
{[%clk 0:44:08]} 1-0

[Event "Fajr-urmia"]
[Site "urmia"]
[Date "2015.02.22"]
[Round "7.3"]
[White "Starostits, Ilmars"]
[Black "Ghaffarifar, Matin"]
[Result "1-0"]
[LiveChessVersion "1.4.4"]
[BlackElo "1882"]
[WhiteElo "2454"]

1. d4 {[%clk 1:30:29]} Nf6 {[%clk 1:30:46]} 2. Nf3 {[%clk 1:30:51]} e6
{[%clk 1:30:59]} 3. c4 {[%clk 1:31:00]} b6 {[%clk 1:31:06]} 4. Nc3
{[%clk 1:31:22]} Bb7 {[%clk 1:31:17]} 5. g3 {[%clk 1:31:38]} Be7 {[%clk 1:31:39]}
6. Bg2 {[%clk 1:32:03]} O-O {[%clk 1:32:00]} 7. Qc2 {[%clk 1:32:06]} d6
{[%clk 1:31:07]} 8. O-O {[%clk 1:32:22]} c5 {[%clk 1:29:44]} 9. e4
{[%clk 1:32:03]} cxd4 {[%clk 1:27:30]} 10. Nxd4 {[%clk 1:32:22]} Nbd7
{[%clk 1:27:54]} 11. Rd1 {[%clk 1:30:05]} Qc8 {[%clk 1:19:28]} 12. b3
{[%clk 1:30:17]} a6 {[%clk 1:19:44]} 13. Ba3 {[%clk 1:29:41]} Nc5
{[%clk 1:18:53]} 14. Rac1 {[%clk 1:29:23]} Qc7 {[%clk 1:16:33]} 15. Qe2
{[%clk 1:28:47]} Rac8 {[%clk 1:13:57]} 16. g4 {[%clk 1:28:57]} Rfe8
{[%clk 1:09:43]} 17. b4 {[%clk 1:28:17]} Ncd7 {[%clk 1:09:30]} 18. g5
{[%clk 1:28:25]} Qxc4 {[%clk 1:06:37]} 19. gxf6 Qxe2 {[%clk 1:04:39]} 20. Ndxe2
{[%clk 1:28:49]} gxf6 {[%clk 1:04:09]} 21. f4 {[%clk 1:27:37]} b5
{[%clk 1:04:11]} 22. Nb1 {[%clk 1:26:14]} Nb6 {[%clk 1:00:55]} 23. Nd2
{[%clk 1:26:12]} d5 {[%clk 0:58:53]} 24. Nd4 {[%clk 1:24:34]} dxe4
{[%clk 0:57:46]} 25. Nxe4 {[%clk 1:23:43]} Nc4 {[%clk 0:56:06]} 26. Rc3
{[%clk 1:18:18]} Rcd8 {[%clk 0:45:15]} 27. Rg3+ {[%clk 1:15:31]} Kh8
{[%clk 0:44:54]} 28. Bc1 {[%clk 1:14:59]} Bxe4 {[%clk 0:39:50]} 29. Bxe4
{[%clk 1:15:21]} Bxb4 {[%clk 0:39:48]} 30. Rgd3 {[%clk 1:13:47]} Bc5
{[%clk 0:30:30]} 31. Kf1 {[%clk 1:14:03]} Rd6 {[%clk 0:26:57]} 32. Nb3
{[%clk 1:13:25]} Bb4 {[%clk 0:27:11]} 33. Rxd6 {[%clk 1:13:28]} Bxd6
{[%clk 0:25:34]} 34. Na5 {[%clk 1:13:27]} Bb4 {[%clk 0:19:40]} 35. Nxc4
{[%clk 1:13:44]} bxc4 {[%clk 0:20:09]} 36. Rd7 {[%clk 1:13:38]} Kg7
{[%clk 0:20:30]} 37. Rc7 {[%clk 1:13:57]} c3 {[%clk 0:20:05]} 38. Rc4
{[%clk 1:14:23]} Rb8 {[%clk 0:19:26]} 39. Bd3 {[%clk 1:14:41]} Rb5
{[%clk 0:18:44]} 40. Ke2 {[%clk 1:11:19]} Ba5 {[%clk 0:17:33]} 41. f5
{[%clk 1:10:34]} Re5+ {[%clk 0:17:48]} 42. Re4 {[%clk 1:09:57]} exf5
{[%clk 0:13:21]} 43. Rxe5 {[%clk 1:10:24]} fxe5 {[%clk 0:13:46]} 44. Bxf5
{[%clk 1:10:51]} Bc7 {[%clk 0:12:03]} 45. h3 {[%clk 1:11:10]} h5 {[%clk 0:11:49]}
46. Kd3 {[%clk 1:11:36]} Kf6 {[%clk 0:11:55]} 47. Bc8 {[%clk 1:12:00]} a5
{[%clk 0:11:53]} 48. Kxc3 {[%clk 1:12:24]} Kg6 {[%clk 0:12:19]} 49. Bd7
{[%clk 1:12:34]} h4 {[%clk 0:09:58]} 50. Kc4 {[%clk 1:12:21]} f5 {[%clk 0:10:03]}
51. Kd5 {[%clk 1:12:46]} Kf6 {[%clk 0:09:15]} 52. Bd2 {[%clk 1:13:01]} e4
{[%clk 0:08:21]} 53. a4 {[%clk 1:12:59]} Bd8 {[%clk 0:07:32]} 54. Bc8
{[%clk 1:12:22]} Kg6 {[%clk 0:07:14]} 55. Ke6 {[%clk 1:12:23]} Bb6
{[%clk 0:07:21]} 56. Bf4 {[%clk 1:12:01]} Bd4 {[%clk 0:07:12]} 57. Bd7
{[%clk 1:12:13]} Bc3 {[%clk 0:07:03]} 58. Be8+ {[%clk 1:12:31]} 1-0

[Event "Fajr-urmia"]
[Site "urmia"]
[Date "2015.02.22"]
[Round "7.4"]
[White "Mosadeghpour, Masoud"]
[Black "Asgari, Morteza"]
[Result "0-1"]
[LiveChessVersion "1.4.4"]
[BlackElo "2193"]
[WhiteElo "2325"]

1. Nf3 {[%clk 1:24:37]} Nf6 {[%clk 1:29:57]} 2. g3 {[%clk 1:24:58]} g6
{[%clk 1:29:39]} 3. c4 {[%clk 1:25:16]} Bg7 {[%clk 1:29:59]} 4. d4
{[%clk 1:25:40]} O-O {[%clk 1:30:16]} 5. Bg2 {[%clk 1:26:04]} d6 {[%clk 1:28:46]}
6. O-O {[%clk 1:26:26]} Nbd7 {[%clk 1:27:53]} 7. Nc3 {[%clk 1:25:38]} e5
{[%clk 1:28:14]} 8. dxe5 {[%clk 1:22:38]} dxe5 {[%clk 1:28:28]} 9. b3
{[%clk 1:21:16]} Re8 {[%clk 1:27:23]} 10. Qc2 {[%clk 1:09:45]} c6
{[%clk 1:22:26]} 11. Rd1 {[%clk 1:02:51]} e4 {[%clk 1:10:11]} 12. Nd4
{[%clk 0:58:08]} Qe7 {[%clk 1:08:03]} 13. a4 {[%clk 0:49:40]} a6 {[%clk 0:55:26]}
14. Qa2 {[%clk 0:43:25]} c5 {[%clk 0:51:35]} 15. Nc2 {[%clk 0:43:34]} Qe5
{[%clk 0:50:05]} 16. Nd5 {[%clk 0:20:26]} Nxd5 {[%clk 0:49:22]} 17. Rxd5
{[%clk 0:20:54]} Qe7 {[%clk 0:49:21]} 18. Bg5 {[%clk 0:14:37]} Bf6
{[%clk 0:45:47]} 19. Bxf6 {[%clk 0:12:22]} Nxf6 {[%clk 0:45:50]} 20. Rd2
{[%clk 0:12:40]} h5 {[%clk 0:30:53]} 21. Ne3 {[%clk 0:07:48]} Be6
{[%clk 0:29:19]} 22. Qb2 {[%clk 0:05:13]} Ng4 {[%clk 0:26:03]} 23. Qc3
{[%clk 0:03:41]} Qf6 {[%clk 0:25:44]} 24. Qxf6 {[%clk 0:03:52]} Nxf6
{[%clk 0:26:07]} 25. a5 {[%clk 0:03:21]} Rab8 {[%clk 0:25:09]} 26. Rd6
{[%clk 0:01:24]} Red8 {[%clk 0:24:29]} 27. Rxd8+ {[%clk 0:00:37]} Rxd8
{[%clk 0:24:46]} 28. f3 {[%clk 0:00:32]} Rd2 {[%clk 0:21:45]} 29. Kf2
{[%clk 0:00:37]} Rb2 {[%clk 0:21:07]} 30. Ra3 {[%clk 0:01:03]} Nd7
{[%clk 0:18:07]} 31. fxe4 {[%clk 0:00:32]} Ne5 {[%clk 0:18:07]} 32. Ke1
{[%clk 0:00:34]} Rb1+ {[%clk 0:16:44]} 33. Kd2 {[%clk 0:00:38]} Rg1
{[%clk 0:16:48]} 34. Bf3 {[%clk 0:00:33]} Bg4 {[%clk 0:15:57]} 35. Bg2
{[%clk 0:00:34]} Kg7 {[%clk 0:14:49]} 36. Ra2 {[%clk 0:00:33]} Be6
{[%clk 0:14:48]} 37. Rb2 {[%clk 0:00:48]} Ng4 {[%clk 0:14:35]} 38. Bf3
{[%clk 0:00:44]} Nxh2 {[%clk 0:14:34]} 39. b4 {[%clk 0:00:43]} cxb4
{[%clk 0:12:22]} 40. Rxb4 {[%clk 0:01:06]} Bc8 {[%clk 0:11:54]} 41. Bg2
{[%clk 0:00:43]} Ng4 {[%clk 0:11:47]} 42. Bh3 {[%clk 0:01:13]} Ra1
{[%clk 0:10:47]} 43. Bxg4 {[%clk 0:01:13]} hxg4 {[%clk 0:10:56]} 44. Nd5
{[%clk 0:00:33]} Rxa5 {[%clk 0:10:29]} 45. Ke3 {[%clk 0:00:33]} Ra3+
{[%clk 0:08:51]} 46. Kf2 {[%clk 0:01:03]} Ra1 {[%clk 0:08:19]} 47. e5
{[%clk 0:00:38]} Rc1 {[%clk 0:08:22]} 48. e4 {[%clk 0:00:34]} Rc2+
{[%clk 0:08:01]} 49. Ke3 {[%clk 0:00:48]} Rg2 {[%clk 0:07:34]} 50. Nf6
{[%clk 0:00:31]} Rxg3+ {[%clk 0:07:41]} 51. Kf4 {[%clk 0:01:01]} Rf3+
{[%clk 0:07:27]} 52. Kg5 {[%clk 0:01:22]} g3 {[%clk 0:07:49]} 53. Rb1
{[%clk 0:00:40]} g2 {[%clk 0:07:52]} 54. Rg1 {[%clk 0:01:06]} Bh3
{[%clk 0:08:07]} 55. Rh1 0-1

[Event "Fajr-urmia"]
[Site "urmia"]
[Date "2015.02.22"]
[Round "7.5"]
[White "Grabliauskas, Virginijus"]
[Black "Roohi, Abdolmajid"]
[Result "0-1"]
[LiveChessVersion "1.4.4"]
[BlackElo "2133"]
[WhiteElo "2323"]

1. Nf3 {[%clk 1:30:52]} Nf6 {[%clk 1:30:53]} 2. c4 {[%clk 1:31:16]} e6
{[%clk 1:31:03]} 3. Nc3 {[%clk 1:30:28]} Bb4 {[%clk 1:29:40]} 4. Qc2
{[%clk 1:30:43]} b6 {[%clk 1:29:21]} 5. a3 {[%clk 1:28:32]} Bxc3 {[%clk 1:29:30]}
6. Qxc3 {[%clk 1:29:00]} O-O {[%clk 1:29:48]} 7. b4 {[%clk 1:21:16]} Bb7
{[%clk 1:29:09]} 8. Bb2 {[%clk 1:21:37]} d6 {[%clk 1:27:04]} 9. e3
{[%clk 1:19:16]} e5 {[%clk 1:26:32]} 10. Be2 {[%clk 1:18:04]} c5 {[%clk 1:26:30]}
11. O-O {[%clk 1:15:29]} Re8 {[%clk 1:22:21]} 12. d3 {[%clk 1:10:33]} Nbd7
{[%clk 1:22:19]} 13. Rfc1 {[%clk 1:08:01]} h6 {[%clk 1:21:05]} 14. Rc2
{[%clk 1:06:38]} Rc8 {[%clk 1:17:28]} 15. b5 {[%clk 1:05:28]} Re6
{[%clk 1:13:07]} 16. a4 {[%clk 0:55:26]} Nh7 {[%clk 1:10:33]} 17. d4
{[%clk 0:54:13]} Be4 {[%clk 1:10:22]} 18. dxe5 {[%clk 0:45:58]} Ng5
{[%clk 0:52:00]} 19. exd6 {[%clk 0:37:12]} Rg6 {[%clk 0:52:03]} 20. Kf1
{[%clk 0:36:43]} Bxc2 {[%clk 0:47:45]} 21. Qxc2 {[%clk 0:35:57]} Rxd6
{[%clk 0:47:44]} 22. Nh4 {[%clk 0:28:58]} Nf6 {[%clk 0:39:34]} 23. f3
{[%clk 0:27:02]} Qd7 {[%clk 0:37:47]} 24. Bc3 {[%clk 0:21:53]} g6
{[%clk 0:35:09]} 25. g4 {[%clk 0:16:45]} h5 {[%clk 0:32:53]} 26. Nxg6
{[%clk 0:13:20]} fxg6 {[%clk 0:31:23]} 27. Qxg6+ {[%clk 0:12:44]} Qg7
{[%clk 0:31:37]} 28. Qxg7+ {[%clk 0:12:57]} Kxg7 {[%clk 0:32:05]} 29. h4
{[%clk 0:13:15]} Nxf3 {[%clk 0:26:36]} 30. Bxf3 {[%clk 0:12:59]} hxg4
{[%clk 0:24:35]} 31. Bxg4 {[%clk 0:13:20]} Re8 {[%clk 0:24:56]} 32. Ke2
{[%clk 0:11:35]} Re4 {[%clk 0:24:18]} 33. Bc8 {[%clk 0:05:12]} Rxc4
{[%clk 0:21:43]} 34. Be5 {[%clk 0:04:05]} Rd5 {[%clk 0:21:44]} 35. Bf4
{[%clk 0:02:49]} Kf7 {[%clk 0:21:49]} 36. Kf3 {[%clk 0:02:26]} Rb4
{[%clk 0:20:19]} 37. Bh3 {[%clk 0:01:52]} c4 {[%clk 0:20:20]} 38. Bb8
{[%clk 0:01:40]} c3 {[%clk 0:19:06]} 39. Rc1 {[%clk 0:00:59]} Ne4
{[%clk 0:13:54]} 40. Bxa7 {[%clk 0:00:40]} Rb1 {[%clk 0:14:03]} 41. Rc2
{[%clk 0:00:40]} Rd2 {[%clk 0:14:25]} 42. Kxe4 {[%clk 0:00:43]} Rxc2
{[%clk 0:14:50]} 43. Kd3 {[%clk 0:00:52]} Rh2 {[%clk 0:15:12]} 44. Kxc3
{[%clk 0:01:04]} Rxh3 {[%clk 0:15:37]} 45. Bxb6 {[%clk 0:01:24]} Rxh4
{[%clk 0:15:53]} 46. Bd4 {[%clk 0:01:46]} Ke6 {[%clk 0:16:08]} 47. Kc4
{[%clk 0:01:57]} Kd6 {[%clk 0:16:20]} 48. a5 {[%clk 0:02:13]} Rh5
{[%clk 0:14:45]} 0-1

[Event "Fajr-urmia"]
[Site "urmia"]
[Date "2015.02.22"]
[Round "7.6"]
[White "Khatibi, Meysam"]
[Black "Guliev, Logman"]
[Result "0-1"]
[LiveChessVersion "1.4.4"]
[BlackElo "2389"]
[WhiteElo "2168"]

1. e4 {[%clk 1:24:54]} c5 {[%clk 1:30:52]} 2. Nf3 {[%clk 1:25:12]} d6
{[%clk 1:31:14]} 3. d4 {[%clk 1:25:32]} cxd4 {[%clk 1:31:41]} 4. Nxd4
{[%clk 1:25:56]} Nf6 {[%clk 1:32:04]} 5. Nc3 {[%clk 1:26:20]} a6 {[%clk 1:32:25]}
6. Be3 {[%clk 1:26:41]} e6 {[%clk 1:30:10]} 7. Qd2 {[%clk 1:26:52]} Be7
{[%clk 1:29:59]} 8. f3 {[%clk 1:27:15]} O-O {[%clk 1:30:17]} 9. O-O-O
{[%clk 1:27:34]} Nc6 {[%clk 1:30:23]} 10. g4 {[%clk 1:27:58]} Nxd4
{[%clk 1:30:29]} 11. Qxd4 {[%clk 1:27:48]} Nd7 {[%clk 1:21:29]} 12. Rg1
{[%clk 1:26:44]} b5 {[%clk 1:21:06]} 13. g5 {[%clk 1:27:00]} Rb8 {[%clk 1:20:26]}
14. f4 {[%clk 1:26:43]} b4 {[%clk 1:18:40]} 15. Na4 {[%clk 1:15:33]} Qa5
{[%clk 1:13:28]} 16. b3 {[%clk 1:15:28]} Bb7 {[%clk 1:02:46]} 17. e5
{[%clk 0:36:14]} d5 {[%clk 0:57:41]} 18. f5 {[%clk 0:31:45]} exf5
{[%clk 0:57:30]} 19. Bg2 {[%clk 0:26:19]} Rfd8 {[%clk 0:52:00]} 20. Bxd5
{[%clk 0:24:47]} Nc5 {[%clk 0:47:33]} 21. Nxc5 {[%clk 0:22:31]} Bxd5
{[%clk 0:47:39]} 22. Kb1 {[%clk 0:17:24]} Bf3 {[%clk 0:46:00]} 23. Nd7
{[%clk 0:14:09]} Bxd1 {[%clk 0:45:53]} 24. Rxd1 {[%clk 0:14:01]} Rxd7
{[%clk 0:43:37]} 25. Qxd7 {[%clk 0:14:04]} Rd8 {[%clk 0:44:01]} 26. Qxe7
{[%clk 0:11:40]} Rxd1+ {[%clk 0:43:04]} 27. Bc1 {[%clk 0:12:07]} Qd8
{[%clk 0:37:43]} 28. Qxb4 {[%clk 0:10:22]} Qxg5 {[%clk 0:38:03]} 29. Qb8+
{[%clk 0:10:44]} Qd8 {[%clk 0:38:24]} 30. Qxd8+ {[%clk 0:08:47]} Rxd8
{[%clk 0:38:44]} 31. c4 {[%clk 0:09:09]} h6 {[%clk 0:36:40]} 32. h4
{[%clk 0:08:41]} Rd4 {[%clk 0:36:20]} 33. Kc2 {[%clk 0:07:06]} Rxh4
{[%clk 0:35:30]} 34. Kd3 {[%clk 0:06:38]} Kf8 {[%clk 0:35:40]} 35. b4
{[%clk 0:06:59]} Ke7 {[%clk 0:35:35]} 36. a4 {[%clk 0:07:25]} f4 {[%clk 0:35:12]}
37. a5 {[%clk 0:07:19]} f3 {[%clk 0:35:17]} 38. Be3 {[%clk 0:07:48]} Rh2
{[%clk 0:34:36]} 39. b5 {[%clk 0:07:36]} Ra2 {[%clk 0:33:52]} 40. bxa6
{[%clk 0:02:34]} Rxa5 {[%clk 0:31:26]} 41. a7 {[%clk 0:03:02]} g5
{[%clk 0:30:31]} 42. Ke4 {[%clk 0:03:07]} g4 {[%clk 0:30:53]} 43. Bf2
{[%clk 0:03:33]} Ke6 {[%clk 0:31:05]} 44. Kf4 {[%clk 0:03:47]} h5
{[%clk 0:31:25]} 45. Bd4 {[%clk 0:02:22]} Ra4 {[%clk 0:31:35]} 46. Bf2
{[%clk 0:01:46]} Rxc4+ {[%clk 0:31:47]} 47. Kg5 {[%clk 0:02:15]} Ra4
{[%clk 0:31:50]} 48. Kxh5 {[%clk 0:02:43]} Kxe5 {[%clk 0:31:53]} 49. Kg5
{[%clk 0:00:55]} f5 {[%clk 0:31:51]} 50. Bg3+ {[%clk 0:00:47]} Ke4
{[%clk 0:31:53]} 51. Bf2 {[%clk 0:01:15]} g3 {[%clk 0:31:54]} 0-1

[Event "Fajr-urmia"]
[Site "urmia"]
[Date "2015.02.22"]
[Round "7.7"]
[White "Derakhshani, Borna"]
[Black "Gholami, Aryan"]
[Result "1/2-1/2"]
[LiveChessVersion "1.4.4"]
[BlackElo "2325"]
[WhiteElo "2081"]

1. e4 {[%clk 1:27:14]} c5 {[%clk 1:30:24]} 2. Nf3 {[%clk 1:27:38]} e6
{[%clk 1:29:23]} 3. d4 {[%clk 1:28:02]} cxd4 {[%clk 1:29:12]} 4. Nxd4
{[%clk 1:28:25]} a6 {[%clk 1:29:02]} 5. Nc3 {[%clk 1:28:38]} Qc7 {[%clk 1:27:50]}
6. Be2 {[%clk 1:28:57]} Nf6 {[%clk 1:23:21]} 7. O-O {[%clk 1:29:11]} Be7
{[%clk 1:18:09]} 8. Be3 {[%clk 1:29:09]} O-O {[%clk 1:17:57]} 9. f4
{[%clk 1:27:54]} d6 {[%clk 1:17:43]} 10. Bf3 {[%clk 1:27:09]} Nc6
{[%clk 1:15:50]} 11. Qe1 {[%clk 1:27:02]} Bd7 {[%clk 1:13:48]} 12. Rd1
{[%clk 1:27:05]} Nxd4 {[%clk 1:07:06]} 13. Bxd4 {[%clk 1:27:00]} e5
{[%clk 1:06:16]} 14. Be3 {[%clk 1:18:01]} Rac8 {[%clk 1:03:43]} 15. f5
{[%clk 1:15:50]} b5 {[%clk 1:02:50]} 16. Bg5 {[%clk 1:14:12]} Bc6
{[%clk 1:02:44]} 17. Kh1 {[%clk 1:09:53]} Rfd8 {[%clk 0:59:19]} 18. Bxf6
{[%clk 1:04:42]} Bxf6 {[%clk 0:59:42]} 19. Rf2 {[%clk 1:04:51]} Bg5
{[%clk 0:50:38]} 20. g3 {[%clk 1:00:33]} Qa7 {[%clk 0:49:20]} 21. Re2
{[%clk 0:54:42]} b4 {[%clk 0:37:31]} 22. Nd5 {[%clk 0:54:24]} a5 {[%clk 0:37:15]}
23. h4 {[%clk 0:53:56]} Bh6 {[%clk 0:37:03]} 24. g4 {[%clk 0:39:20]} Bxd5
{[%clk 0:31:47]} 25. g5 {[%clk 0:38:35]} Bc4 {[%clk 0:29:01]} 26. Rg2
{[%clk 0:37:57]} Bxg5 1/2-1/2

[Event "Fajr-urmia"]
[Site "urmia"]
[Date "2015.02.22"]
[Round "7.8"]
[White "Tarazooyeadl, Mojtaba"]
[Black "Gholami Orimi, Mahdi"]
[Result "1-0"]
[LiveChessVersion "1.4.4"]
[BlackElo "1925"]
[WhiteElo "2210"]

1. e4 {[%clk 1:30:48]} e5 {[%clk 1:30:47]} 2. Nf3 {[%clk 1:31:09]} Nc6
{[%clk 1:31:12]} 3. Bb5 {[%clk 1:31:34]} a6 {[%clk 1:31:32]} 4. Ba4
{[%clk 1:32:01]} Nf6 {[%clk 1:30:49]} 5. O-O {[%clk 1:32:17]} b5 {[%clk 1:31:08]}
6. Bb3 {[%clk 1:32:40]} Bc5 {[%clk 1:31:29]} 7. c3 {[%clk 1:32:12]} d6
{[%clk 1:31:40]} 8. a4 {[%clk 1:32:27]} Rb8 {[%clk 1:22:46]} 9. d3
{[%clk 1:28:53]} Bg4 {[%clk 1:17:04]} 10. Nbd2 {[%clk 1:28:02]} Bb6
{[%clk 1:15:55]} 11. Re1 {[%clk 1:24:21]} Ne7 {[%clk 1:09:08]} 12. h3
{[%clk 1:21:05]} Bd7 {[%clk 1:07:41]} 13. axb5 {[%clk 1:20:56]} axb5
{[%clk 1:07:45]} 14. Nf1 {[%clk 1:14:23]} h6 {[%clk 1:04:06]} 15. Nh4
{[%clk 1:10:06]} g5 {[%clk 0:50:12]} 16. Qf3 {[%clk 1:08:11]} Ng6
{[%clk 0:47:49]} 17. Nxg6 {[%clk 1:04:30]} fxg6 {[%clk 0:48:18]} 18. Be3
{[%clk 0:52:15]} Rf8 {[%clk 0:31:20]} 19. Qd1 {[%clk 0:48:30]} Nh5
{[%clk 0:31:10]} 20. d4 {[%clk 0:45:22]} c5 {[%clk 0:23:08]} 21. dxe5
{[%clk 0:44:01]} dxe5 {[%clk 0:23:36]} 22. Qd6 {[%clk 0:43:45]} Rf6
{[%clk 0:21:09]} 23. Qxe5+ {[%clk 0:42:00]} Kf8 {[%clk 0:21:35]} 24. Red1
{[%clk 0:40:31]} Rc8 {[%clk 0:21:22]} 25. Qd5 {[%clk 0:33:00]} c4
{[%clk 0:19:37]} 26. e5 {[%clk 0:31:33]} Rfc6 {[%clk 0:16:30]} 27. Bxb6
{[%clk 0:31:42]} Qxb6 {[%clk 0:16:36]} 28. Qxd7 {[%clk 0:31:24]} cxb3
{[%clk 0:16:48]} 29. e6 {[%clk 0:31:38]} Kg8 {[%clk 0:15:36]} 30. Qf7+
{[%clk 0:31:36]} Kh8 {[%clk 0:15:59]} 31. Rd7 {[%clk 0:31:50]} 1-0

[Event "Fajr-urmia"]
[Site "urmia"]
[Date "2015.02.22"]
[Round "7.9"]
[White "Derakhshani, Dorsa"]
[Black "Atanejhad, Sahebali"]
[Result "1-0"]
[LiveChessVersion "1.4.4"]
[BlackElo "2180"]
[WhiteElo "2209"]

1. e4 {[%clk 1:25:14]} d6 {[%clk 1:30:47]} 2. d4 {[%clk 1:25:33]} Nf6
{[%clk 1:31:11]} 3. Nc3 {[%clk 1:26:00]} e5 {[%clk 1:31:35]} 4. Nf3
{[%clk 1:25:48]} Nbd7 {[%clk 1:31:55]} 5. a4 {[%clk 1:16:25]} Be7
{[%clk 1:31:10]} 6. g3 {[%clk 1:16:39]} O-O {[%clk 1:30:03]} 7. Bg2
{[%clk 1:16:47]} Re8 {[%clk 1:29:06]} 8. O-O {[%clk 1:16:40]} c6 {[%clk 1:29:18]}
9. Kh1 {[%clk 1:03:01]} Qc7 {[%clk 1:22:11]} 10. Nh4 {[%clk 1:00:45]} exd4
{[%clk 1:14:17]} 11. Qxd4 {[%clk 1:00:44]} Ne5 {[%clk 1:13:55]} 12. f4
{[%clk 0:55:47]} Ng6 {[%clk 1:06:41]} 13. Nf3 {[%clk 0:52:15]} b6
{[%clk 1:06:41]} 14. b3 {[%clk 0:46:57]} Bb7 {[%clk 1:00:52]} 15. Nd2
{[%clk 0:36:07]} Rad8 {[%clk 0:54:49]} 16. Bb2 {[%clk 0:34:52]} d5
{[%clk 0:54:28]} 17. Qf2 {[%clk 0:28:17]} d4 {[%clk 0:47:44]} 18. Nd1
{[%clk 0:28:17]} Ba6 {[%clk 0:36:14]} 19. Nc4 {[%clk 0:26:11]} Bc5
{[%clk 0:36:16]} 20. e5 {[%clk 0:20:05]} Nd5 {[%clk 0:31:55]} 21. Qf3
{[%clk 0:20:17]} Nb4 {[%clk 0:31:47]} 22. c3 {[%clk 0:18:47]} dxc3
{[%clk 0:31:55]} 23. Bxc3 {[%clk 0:19:10]} Nd5 {[%clk 0:30:35]} 24. Bb2
{[%clk 0:19:06]} Bb7 {[%clk 0:23:38]} 25. h4 {[%clk 0:17:39]} b5 {[%clk 0:19:12]}
26. h5 {[%clk 0:15:18]} bxc4 {[%clk 0:17:12]} 27. hxg6 {[%clk 0:15:43]} hxg6
{[%clk 0:17:21]} 28. Rc1 {[%clk 0:14:01]} c3 {[%clk 0:17:11]} 29. Nxc3
{[%clk 0:13:27]} Nxc3 {[%clk 0:14:52]} 30. Bxc3 {[%clk 0:13:42]} Ba3
{[%clk 0:14:32]} 31. Rc2 {[%clk 0:13:17]} Rb8 {[%clk 0:14:45]} 32. Qg4
{[%clk 0:12:00]} Re6 {[%clk 0:13:48]} 33. Qh3 {[%clk 0:11:38]} c5
{[%clk 0:13:58]} 34. g4 {[%clk 0:10:40]} g5 {[%clk 0:09:13]} 35. fxg5
{[%clk 0:10:48]} c4 {[%clk 0:08:46]} 36. b4 {[%clk 0:09:03]} a5 {[%clk 0:08:46]}
37. b5 {[%clk 0:05:32]} Rg6 {[%clk 0:09:01]} 38. Bxb7 {[%clk 0:05:24]} Qxb7+
{[%clk 0:09:17]} 39. Qf3 {[%clk 0:04:31]} Qxf3+ {[%clk 0:04:16]} 40. Rxf3
{[%clk 0:04:59]} Rxg5 {[%clk 0:04:27]} 41. Bxa5 {[%clk 0:05:02]} Be7
{[%clk 0:04:10]} 42. Bc7 {[%clk 0:04:30]} Rb7 {[%clk 0:03:57]} 43. Rxc4
{[%clk 0:04:49]} f6 {[%clk 0:04:23]} 44. b6 {[%clk 0:03:44]} fxe5
{[%clk 0:04:27]} 45. a5 {[%clk 0:04:10]} e4 {[%clk 0:04:31]} 46. Rf5
{[%clk 0:03:49]} Rxg4 {[%clk 0:03:57]} 47. a6 {[%clk 0:04:12]} 1-0